000 00545nam a2200229Ia 4500
003 OSt
005 20221005122600.0
006 a|||||r|||| 00| 0
007 ta
008 221004b |||||||| |||| 00| 0 mal d
024 _a53077
037 _cTextual
040 _aCRL
_cCRL
_bmal
041 _2mal
_amal
082 _aNS2wN, 32L8
100 _aNair N.R.
_926473
245 0 _aKalchilampoli
260 _c1978
650 _aDANCE
_936226
942 _hNS2wN, 32L8
_cTEXL
_2cc
999 _c1044710
_d1044710